000 00356nam a22001337a 4500
020 _a0133121828
040 _cNUST
082 _a670.42 GRO F
100 _aGroover Mikell P.
245 _aFundamentals Of Modern Manufacturing
260 _aNew Jersey:
_bPrentce Hall,
_c1996.
650 _aFundamentals Of Modern Manufacturing
_9109642
942 _2ddc
_cBK
999 _c593462
_d593462